[Event "Winnipeg TNT April op"]
[Site "Winnipeg CAN"]
[Date "2005.04.19"]
[Round "3"]
[White "Oberton, Daniel"]
[Black "Essery, Richard"]
[Result "0-1"]
[WhiteElo "1398"]
[BlackElo "1726"]
[PlyCount "108"]
[GameId "2160767910968828"]
[EventDate "2005.04.05"]
[EventType "swiss"]
[EventRounds "4"]
[EventCountry "CAN"]
[SourceTitle "EXT 2006"]
[Source "ChessBase"]
[SourceDate "2005.11.24"]
[SourceVersion "1"]
[SourceVersionDate "2005.11.24"]
[SourceQuality "1"]

1. e4 d6 2. d4 g6 3. Nf3 Bg7 4. Nc3 a6 5. Be3 b5 6. a3 Bb7 7. Qd2 Nd7 8. Be2 Ngf6 9. Bd3 Ng4 10. h3 Nxe3 11. Qxe3 c5 12. d5 Qa5 13. Qd2 c4 14. Be2 Nc5 15. Nd1 Qxd2+ 16. Nxd2 O-O 17. Rb1 f5 18. f3 Bh6 19. Nc3 e6 20. dxe6 Nxe6 21. exf5 Rxf5 22. Nde4 Bxe4 23. Nxe4 Nd4 24. c3 Nc2+ 25. Kf2 d5 26. Ng3 Re5 27. Rbd1 Ne3 28. Rde1 Nc2 29. Rd1 Bf4 30. Nf1 Rae8 31. Ng3 Bxg3+ 32. Kxg3 Rxe2 33. Rxd5 Rxg2+ 34. Kxg2 Ne3+ 35. Kg3 Nxd5 36. Rd1 Re5 37. f4 Rf5 38. Rd4 Kf7 39. Kf3 h5 40. Ke4 Ke6 41. Kf3 g5 42. Kg3 gxf4+ 43. Kf3 Re5 44. Rd2 Re3+ 45. Kg2 Ke5 46. Rf2 h4 47. Rd2 f3+ 48. Kf2 Re2+ 49. Rxe2+ fxe2 50. Kxe2 Nf4+ 51. Kf3 Nxh3 52. Kg4 Ke4 53. Kxh3 Kd3 54. Kxh4 Kc2 0-1

[Event "Winnipeg TNT April op"]
[Site "Winnipeg CAN"]
[Date "2005.04.19"]
[Round "3"]
[White "Tang, Edward"]
[Black "Romanek, Adam"]
[Result "1-0"]
[WhiteElo "2048"]
[BlackElo "1103"]
[PlyCount "120"]
[GameId "2160767910968829"]
[EventDate "2005.04.05"]
[EventType "swiss"]
[EventRounds "4"]
[EventCountry "CAN"]
[SourceTitle "EXT 2006"]
[Source "ChessBase"]
[SourceDate "2005.11.24"]
[SourceVersion "1"]
[SourceVersionDate "2005.11.24"]
[SourceQuality "1"]

1. e4 e5 2. Nf3 d6 3. d4 Qe7 4. Bc4 Bg4 5. O-O h6 6. Nc3 c6 7. Re1 a6 8. a4 Qf6 9. d5 c5 10. Qd3 Bxf3 11. gxf3 Be7 12. f4 Nd7 13. Qg3 g5 14. f5 Rh7 15. Be3 Rg7 16. Rab1 b6 17. Nd1 Bd8 18. c3 Bc7 19. b4 Ne7 20. Bd3 Nc8 21. Nb2 Kf8 22. Nc4 Ra7 23. Rb2 b5 24. Na5 Bxa5 25. bxa5 bxa4 26. Ra1 Kg8 27. Rxa4 Qe7 28. Ra1 Qd8 29. Qh3 Kh7 30. Qf1 f6 31. Bxa6 Ne7 32. Bb5 Ng8 33. a6 Qa8 34. Bc6 Qc8 35. Rb7 Nb8 36. Qb5 Rgxb7 37. Bxb7 Qc7 38. c4 Ne7 39. Bd2 Nxa6 40. Bxa6 Ra8 41. Rb1 Qa7 42. Qb7 Qxb7 43. Bxb7 Rb8 44. Ba5 Rf8 45. Bc7 Nc8 46. Bxc8 Rxc8 47. Bxd6 Kg7 48. Rb7+ Kg8 49. Rb8 Rxb8 50. Bxb8 Kf7 51. Bd6 g4 52. Bxc5 h5 53. Bd6 h4 54. c5 Ke8 55. c6 Kd8 56. Bc5 Kc7 57. Be7 Kb6 58. Bd8+ Kc5 59. c7 Kd4 60. c8=Q Kxe4 1-0

[Event "Winnipeg TNT April op"]
[Site "Winnipeg CAN"]
[Date "2005.04.26"]
[Round "4"]
[White "Lauritson, Jim"]
[Black "Babb, Jeff"]
[Result "0-1"]
[WhiteElo "1922"]
[BlackElo "2147"]
[PlyCount "92"]
[GameId "2160767910968831"]
[EventDate "2005.04.05"]
[EventType "swiss"]
[EventRounds "4"]
[EventCountry "CAN"]
[SourceTitle "EXT 2006"]
[Source "ChessBase"]
[SourceDate "2005.11.24"]
[SourceVersion "1"]
[SourceVersionDate "2005.11.24"]
[SourceQuality "1"]

1. e4 e5 2. Nf3 Nc6 3. Bb5 a6 4. Ba4 Nf6 5. Qe2 Be7 6. O-O O-O 7. c3 d6 8. d4 Bd7 9. Bb3 exd4 10. cxd4 Na5 11. Bc2 Bb5 12. Bd3 Bxd3 13. Qxd3 c5 14. Nc3 b5 15. d5 Nd7 16. Be3 Nc4 17. b3 Nxe3 18. Qxe3 Bf6 19. Rac1 Qe7 20. Ne2 Rfe8 21. Ng3 g6 22. Qf4 Ne5 23. Nxe5 Bxe5 24. Qf3 Qh4 25. Rfe1 Re7 26. Nf1 Rae8 27. g3 Qh3 28. Qg2 Qxg2+ 29. Kxg2 b4 30. Rc4 Bc3 31. Re2 Re5 32. Kf3 f5 33. g4 fxg4+ 34. Kxg4 Rxd5 35. Ne3 Rd4 36. f3 Rd3 37. Ng2 Rf8 38. Nf4 h5+ 39. Kg5 Bd2 40. Rxd2 Rxd2 41. Nxg6 Rg2+ 42. Kxh5 Rxh2+ 43. Kg5 Rg2+ 44. Kh5 Rxf3 45. e5 Rf5+ 46. Kh6 Rh2+ 0-1

[Event "Winnipeg TNT April op"]
[Site "Winnipeg CAN"]
[Date "2005.04.26"]
[Round "4"]
[White "Melamedoff, Gustavo"]
[Black "Khedkar, Jay S"]
[Result "0-1"]
[WhiteElo "2032"]
[BlackElo "1970"]
[PlyCount "84"]
[GameId "2160767910968832"]
[EventDate "2005.04.05"]
[EventType "swiss"]
[EventRounds "4"]
[EventCountry "CAN"]
[SourceTitle "EXT 2006"]
[Source "ChessBase"]
[SourceDate "2005.11.24"]
[SourceVersion "1"]
[SourceVersionDate "2005.11.24"]
[SourceQuality "1"]

1. Nf3 d5 2. g3 Nf6 3. Bg2 e6 4. O-O Nbd7 5. d3 Be7 6. b3 O-O 7. Bb2 b6 8. Nbd2 Bb7 9. c4 c5 10. e3 Rc8 11. Qe2 Re8 12. Rfd1 Qc7 13. Rac1 Qb8 14. e4 dxe4 15. dxe4 e5 16. Ne1 Nf8 17. Nd3 Bd6 18. f3 Ne6 19. Bh3 Rcd8 20. Nf1 Nd4 21. Bxd4 exd4 22. Re1 Nd7 23. Rc2 g6 24. Qf2 Bf8 25. Rce2 Ne5 26. Rd2 Bh6 27. Rdd1 Qd6 28. Bg2 Nxd3 29. Rxd3 a6 30. f4 Bc6 31. e5 Qc7 32. Bxc6 Qxc6 33. Qg2 Qxg2+ 34. Kxg2 f6 35. Nd2 fxe5 36. fxe5 Bxd2 37. Rxd2 Re6 38. Kf3 Rf8+ 39. Ke4 Rf5 40. Kd5 Kf7 41. Re4 Ke7 42. g4 Rd6# 0-1

[Event "Winnipeg TNT April op"]
[Site "Winnipeg CAN"]
[Date "2005.04.26"]
[Round "4"]
[White "Oberton, Daniel"]
[Black "Degroot, Stephen"]
[Result "1-0"]
[WhiteElo "1398"]
[BlackElo "1638"]
[PlyCount "75"]
[GameId "2160767910968833"]
[EventDate "2005.04.05"]
[EventType "swiss"]
[EventRounds "4"]
[EventCountry "CAN"]
[SourceTitle "EXT 2006"]
[Source "ChessBase"]
[SourceDate "2005.11.24"]
[SourceVersion "1"]
[SourceVersionDate "2005.11.24"]
[SourceQuality "1"]

1. e4 c5 2. d4 cxd4 3. c3 dxc3 4. Nxc3 Nc6 5. Nf3 e6 6. Bc4 a6 7. a4 Qc7 8. O-O Nf6 9. Qe2 d6 10. Rd1 Be7 11. Bf4 Nd7 12. Rac1 O-O 13. Qd2 Nde5 14. Nxe5 dxe5 15. Bg3 b6 16. f3 Bb7 17. h3 Rfd8 18. Qe2 Bc5+ 19. Kh1 Nd4 20. Qf1 Rd7 21. Ne2 Rad8 22. Nxd4 Rxd4 23. Rxd4 Rxd4 24. Bxa6 Bxa6 25. Qxa6 f6 26. Bf2 Rd6 27. b4 Rd1+ 28. Rxd1 Bxf2 29. Qd3 Bd4 30. Qd2 Qe7 31. a5 bxa5 32. bxa5 Qa3 33. f4 Qg3 34. a6 Qa3 35. Qd3 Qa4 36. fxe5 fxe5 37. Rc1 h6 38. Qc4 1-0

[Event "Winnipeg TNT April op"]
[Site "Winnipeg CAN"]
[Date "2005.04.26"]
[Round "4"]
[White "Reimer, Bruce"]
[Black "Gibson, Fred"]
[Result "1-0"]
[WhiteElo "1449"]
[BlackElo "1207"]
[PlyCount "57"]
[GameId "2160767910968834"]
[EventDate "2005.04.05"]
[EventType "swiss"]
[EventRounds "4"]
[EventCountry "CAN"]
[SourceTitle "EXT 2006"]
[Source "ChessBase"]
[SourceDate "2005.11.24"]
[SourceVersion "1"]
[SourceVersionDate "2005.11.24"]
[SourceQuality "1"]

1. c4 e5 2. g3 Nf6 3. Bg2 Be7 4. Nc3 c6 5. e3 d6 6. Nge2 Be6 7. b3 d5 8. cxd5 cxd5 9. O-O O-O 10. d4 Nc6 11. dxe5 Nxe5 12. Bb2 Neg4 13. Nf4 Qd7 14. Nfxd5 Nxh2 15. Nxf6+ Bxf6 16. Qxd7 Bxd7 17. Kxh2 Bc6 18. Bxc6 bxc6 19. Na4 Be7 20. Rac1 Rac8 21. Rfd1 c5 22. Ba3 Rfe8 23. Bxc5 Bxc5 24. Rxc5 Rxc5 25. Nxc5 g6 26. Kg2 Kg7 27. Rd7 Rc8 28. b4 a5 29. a3 1-0

[Event "Winnipeg TNT April op"]
[Site "Winnipeg CAN"]
[Date "2005.04.26"]
[Round "4"]
[White "Rumpel, Chris"]
[Black "Tang, Edward"]
[Result "0-1"]
[WhiteElo "1466"]
[BlackElo "2048"]
[PlyCount "60"]
[GameId "2160767910968835"]
[EventDate "2005.04.05"]
[EventType "swiss"]
[EventRounds "4"]
[EventCountry "CAN"]
[SourceTitle "EXT 2006"]
[Source "ChessBase"]
[SourceDate "2005.11.24"]
[SourceVersion "1"]
[SourceVersionDate "2005.11.24"]
[SourceQuality "1"]

1. d4 Nf6 2. c4 g6 3. Nc3 Bg7 4. e3 O-O 5. Nf3 d6 6. Be2 Nbd7 7. O-O e5 8. Qc2 Re8 9. Bd3 Qe7 10. dxe5 dxe5 11. e4 c6 12. Bg5 h6 13. Be3 Nf8 14. h3 Nh5 15. Qd2 Kh7 16. g4 Nf6 17. g5 Nh5 18. gxh6 Bf6 19. Ng5+ Bxg5 20. Bxg5 f6 21. Be3 Bxh3 22. Rfe1 Rad8 23. Rad1 Ne6 24. f3 Nef4 25. Bxf4 Nxf4 26. Qc2 Qf8 27. Ne2 Qc5+ 28. Kh1 Bg2+ 29. Kh2 Nxd3 30. Kxg2 Qf2+ 0-1

[Event "Winnipeg TNT Aug op"]
[Site "Winnipeg CAN"]
[Date "2005.08.02"]
[Round "1"]
[White "Anderson, George"]
[Black "Khedkar, Jay S"]
[Result "0-1"]
[WhiteElo "1508"]
[BlackElo "1880"]
[PlyCount "82"]
[GameId "2160767910900723"]
[EventDate "2005.08.02"]
[EventType "swiss"]
[EventRounds "4"]
[EventCountry "CAN"]
[SourceTitle "EXT 2007"]
[Source "ChessBase"]
[SourceDate "2006.11.23"]
[SourceVersion "1"]
[SourceVersionDate "2006.11.23"]
[SourceQuality "1"]

1. e4 g6 2. Nf3 Bg7 3. Nc3 c5 4. Bc4 Nc6 5. O-O e6 6. d3 Nge7 7. Re1 O-O 8. e5 a6 9. d4 cxd4 10. Nxd4 Nxe5 11. Qe2 Nxc4 12. Qxc4 b5 13. Qd3 Nc6 14. Nxc6 dxc6 15. Qf3 Bb7 16. Bf4 Qb6 17. Be3 Bd4 18. Rad1 c5 19. Qh3 Rad8 20. Bxd4 cxd4 21. Ne2 e5 22. Ng3 Qc5 23. Rd2 f5 24. a3 e4 25. Ne2 e3 26. fxe3 dxe3 27. Rd3 Rxd3 28. cxd3 Re8 29. Rc1 Qe5 30. d4 Qe4 31. Qg3 f4 32. Qf3 Qxf3 33. gxf3 g5 34. h4 Bxf3 35. Kf1 Bxe2+ 36. Kxe2 g4 37. Rc5 f3+ 38. Ke1 f2+ 39. Ke2 h6 40. d5 g3 41. Kf1 e2+ 0-1

[Event "Winnipeg TNT Aug op"]
[Site "Winnipeg CAN"]
[Date "2005.08.02"]
[Round "1"]
[White "Cheyne, Andrew"]
[Black "Cleto, Sam"]
[Result "0-1"]
[WhiteElo "1406"]
[BlackElo "1808"]
[PlyCount "58"]
[GameId "2160767910900724"]
[EventDate "2005.08.02"]
[EventType "swiss"]
[EventRounds "4"]
[EventCountry "CAN"]
[SourceTitle "EXT 2007"]
[Source "ChessBase"]
[SourceDate "2006.11.23"]
[SourceVersion "1"]
[SourceVersionDate "2006.11.23"]
[SourceQuality "1"]

1. e4 g6 2. d4 Bg7 3. Nf3 d6 4. c4 Nf6 5. Nc3 O-O 6. Be2 c5 7. d5 b5 8. cxb5 a6 9. bxa6 Qb6 10. O-O Nxa6 11. Bxa6 Bxa6 12. Re1 Ng4 13. Qc2 Rfb8 14. h3 Nf6 15. Rb1 Nh5 16. Be3 Bc4 17. Na4 Qa6 18. Nc3 Bd3 19. Qd2 Bxb1 20. Rxb1 Bxc3 21. Qxc3 Qxa2 22. Qc2 Qb3 23. Qd2 Nf6 24. Bh6 Nxe4 25. Qf4 Qc2 26. Rf1 Rxb2 27. Ng5 Nxg5 28. Bxg5 Rb1 29. g3 Rxf1+ 0-1

[Event "Winnipeg TNT Aug op"]
[Site "Winnipeg CAN"]
[Date "2005.08.02"]
[Round "1"]
[White "Evans, Rick"]
[Black "Reimer, Bruce"]
[Result "1-0"]
[WhiteElo "1864"]
[BlackElo "1474"]
[PlyCount "33"]
[GameId "2160767910900725"]
[EventDate "2005.08.02"]
[EventType "swiss"]
[EventRounds "4"]
[EventCountry "CAN"]
[SourceTitle "EXT 2007"]
[Source "ChessBase"]
[SourceDate "2006.11.23"]
[SourceVersion "1"]
[SourceVersionDate "2006.11.23"]
[SourceQuality "1"]

1. d4 Nf6 2. Nf3 e6 3. c4 Be7 4. Nc3 b6 5. e4 d5 6. e5 Nfd7 7. cxd5 exd5 8. Nxd5 Bb7 9. Nf4 O-O 10. Bc4 Bb4+ 11. Kf1 Nc6 12. a3 Be7 13. e6 Nde5 14. exf7+ Rxf7 15. Bxf7+ Kxf7 16. Qb3+ Kf8 17. Ne6+ 1-0

[Event "Winnipeg TNT Aug op"]
[Site "Winnipeg CAN"]
[Date "2005.08.02"]
[Round "1"]
[White "Gibson, Fred"]
[Black "Rutter, Blair"]
[Result "0-1"]
[WhiteElo "1195"]
[BlackElo "1760"]
[PlyCount "64"]
[GameId "2160767910900726"]
[EventDate "2005.08.02"]
[EventType "swiss"]
[EventRounds "4"]
[EventCountry "CAN"]
[SourceTitle "EXT 2007"]
[Source "ChessBase"]
[SourceDate "2006.11.23"]
[SourceVersion "1"]
[SourceVersionDate "2006.11.23"]
[SourceQuality "1"]

1. d4 e6 2. c4 Nf6 3. Nc3 d5 4. e3 c5 5. Nf3 Nc6 6. Be2 Be7 7. O-O O-O 8. Bd3 Nb4 9. Bb1 dxc4 10. Ng5 h6 11. Nge4 b6 12. a3 Nbd5 13. Ba2 Ba6 14. dxc5 Nxc3 15. Nxf6+ Bxf6 16. bxc3 Bxc3 17. Rb1 b5 18. Bb2 Bxb2 19. Rxb2 Rc8 20. Rd2 Qc7 21. Qh5 Bb7 22. Rd4 Bd5 23. Rg4 f5 24. Rg6 Kh7 25. Rd1 Qf7 26. Rg5 Qxh5 27. Rxh5 Rxc5 28. Rd4 g6 29. Rhh4 h5 30. Bb1 e5 31. Rd1 e4 32. Rd4 Kh6 0-1

[Event "Winnipeg TNT Aug op"]
[Site "Winnipeg CAN"]
[Date "2005.08.02"]
[Round "1"]
[White "Kohalmi, Andy"]
[Black "Boron, Anthony"]
[Result "1-0"]
[WhiteElo "1605"]
[BlackElo "1981"]
[PlyCount "67"]
[GameId "2160767910900727"]
[EventDate "2005.08.02"]
[EventType "swiss"]
[EventRounds "4"]
[EventCountry "CAN"]
[SourceTitle "EXT 2007"]
[Source "ChessBase"]
[SourceDate "2006.11.23"]
[SourceVersion "1"]
[SourceVersionDate "2006.11.23"]
[SourceQuality "1"]

1. d4 d5 2. Nf3 Nf6 3. e3 Bg4 4. Nbd2 e6 5. b3 Nbd7 6. Be2 c5 7. Bb2 Bd6 8. O-O Qc7 9. Rc1 Ne4 10. dxc5 Ndxc5 11. h3 h5 12. Bb5+ Ke7 13. Be2 Rag8 14. c4 Nxd2 15. Qxd2 dxc4 16. Rxc4 Qb8 17. Rd1 Rd8 18. Qc2 Bf5 19. Qc1 b6 20. Kf1 Qb7 21. Nh4 Be4 22. f3 Bd5 23. Rc2 Bg3 24. b4 Na6 25. e4 Bxh4 26. exd5 f6 27. Kg1 Rd7 28. Bb5 Rdd8 29. Bxa6 Qxa6 30. Rc7+ Kf8 31. dxe6 Re8 32. Rf7+ Kg8 33. Qc7 Rh7 34. Rdd7 1-0

[Event "Winnipeg TNT Aug op"]
[Site "Winnipeg CAN"]
[Date "2005.08.02"]
[Round "1"]
[White "Lafreniere, Adrian"]
[Black "Gibbons, Lorne"]
[Result "1-0"]
[WhiteElo "1770"]
[BlackElo "1326"]
[PlyCount "37"]
[GameId "2160767910900728"]
[EventDate "2005.08.02"]
[EventType "swiss"]
[EventRounds "4"]
[EventCountry "CAN"]
[SourceTitle "EXT 2007"]
[Source "ChessBase"]
[SourceDate "2006.11.23"]
[SourceVersion "1"]
[SourceVersionDate "2006.11.23"]
[SourceQuality "1"]

1. e4 e5 2. d3 Bc5 3. g3 Nc6 4. Bg2 Nf6 5. c3 d6 6. h3 Be6 7. Nf3 h6 8. O-O a6 9. d4 Ba7 10. d5 Nxe4 11. dxe6 Nxf2 12. exf7+ Kxf7 13. Qd5+ Ke7 14. Rxf2 Rf8 15. Nd4 exd4 16. Re2+ Ne5 17. Kh2 c6 18. Qe4 d3 19. Qxd3 1-0

[Event "Winnipeg TNT Aug op"]
[Site "Winnipeg CAN"]
[Date "2005.08.02"]
[Round "1"]
[White "Nikouline, Alexandre"]
[Black "Klassen, Paul"]
[Result "1-0"]
[WhiteElo "1924"]
[BlackElo "1530"]
[PlyCount "67"]
[GameId "2160767910900729"]
[EventDate "2005.08.02"]
[EventType "swiss"]
[EventRounds "4"]
[EventCountry "CAN"]
[SourceTitle "EXT 2007"]
[Source "ChessBase"]
[SourceDate "2006.11.23"]
[SourceVersion "1"]
[SourceVersionDate "2006.11.23"]
[SourceQuality "1"]

1. e4 c5 2. Nf3 Nc6 3. d4 cxd4 4. Nxd4 d6 5. Bc4 Nf6 6. Nc3 a6 7. Nxc6 bxc6 8. e5 Nd7 9. f4 d5 10. Nxd5 cxd5 11. Qxd5 e6 12. Qxa8 Bc5 13. Bd2 Nxe5 14. O-O-O Nd7 15. Bxa6 Bxa6 16. Qxa6 O-O 17. Ba5 Qe7 18. Qb7 Nf6 19. Qxe7 Bxe7 20. c4 Ra8 21. b4 Rc8 22. Rd4 Rb8 23. Rhd1 Kf8 24. a3 Ke8 25. Kc2 Ng4 26. h3 Ne3+ 27. Kb3 Nxd1 28. Rxd1 f6 29. b5 e5 30. fxe5 fxe5 31. Bc7 Ra8 32. a4 Bf6 33. b6 Rc8 34. b7 1-0

[Event "Winnipeg TNT Aug op"]
[Site "Winnipeg CAN"]
[Date "2005.08.02"]
[Round "1"]
[White "Oberton, Daniel"]
[Black "Zaczek, Jonathon"]
[Result "0-1"]
[WhiteElo "1679"]
[BlackElo "2065"]
[PlyCount "70"]
[GameId "2160767910900730"]
[EventDate "2005.08.02"]
[EventType "swiss"]
[EventRounds "4"]
[EventCountry "CAN"]
[SourceTitle "EXT 2007"]
[Source "ChessBase"]
[SourceDate "2006.11.23"]
[SourceVersion "1"]
[SourceVersionDate "2006.11.23"]
[SourceQuality "1"]

1. e4 Nf6 2. e5 Nd5 3. c4 Nb6 4. c5 Nd5 5. d4 d6 6. cxd6 exd6 7. exd6 Bxd6 8. Nf3 O-O 9. Nc3 Re8+ 10. Be2 Nf4 11. Bxf4 Bxf4 12. O-O c6 13. h3 Be6 14. Qc2 Nd7 15. Bd3 g6 16. Rfe1 Nf6 17. b3 Rc8 18. Bc4 Nd5 19. Re4 Bh6 20. Rae1 Qa5 21. Ne2 Bf5 22. Rxe8+ Rxe8 23. Qb2 Nb4 24. a3 Nc2 25. b4 Qxa3 26. Qxa3 Nxa3 27. Bb3 Nc2 28. Bxc2 Bxc2 29. Kf1 f6 30. Ra1 Bd3 31. Nfg1 a6 32. Ra3 Bb5 33. g3 Re4 34. Ke1 Kf7 35. f3 Re3 0-1

[Event "Winnipeg TNT Aug op"]
[Site "Winnipeg CAN"]
[Date "2005.08.02"]
[Round "1"]
[White "Schulz, Waldemar"]
[Black "De Groot, Steven"]
[Result "1-0"]
[WhiteElo "2054"]
[BlackElo "1617"]
[PlyCount "69"]
[GameId "2160767910900731"]
[EventDate "2005.08.02"]
[EventType "swiss"]
[EventRounds "4"]
[EventCountry "CAN"]
[SourceTitle "EXT 2007"]
[Source "ChessBase"]
[SourceDate "2006.11.23"]
[SourceVersion "1"]
[SourceVersionDate "2006.11.23"]
[SourceQuality "1"]

1. d4 Nf6 2. c4 e6 3. g3 d5 4. Bg2 Be7 5. Nf3 O-O 6. O-O c5 7. cxd5 exd5 8. Nc3 Nc6 9. Bg5 Be6 10. Rc1 cxd4 11. Nxd4 Qd7 12. Qa4 Nxd4 13. Qxd4 h6 14. Bf4 Rfd8 15. Rfd1 a6 16. Na4 Qb5 17. Nb6 Qxe2 18. Nxa8 Rxa8 19. Rc7 Re8 20. Qd2 Qh5 21. Re1 g5 22. Be3 Bd6 23. Rxb7 Ng4 24. h3 Ne5 25. Qd1 g4 26. Bf4 Nf3+ 27. Bxf3 gxf3 28. Bxd6 Rd8 29. Re3 Rxd6 30. Qxf3 Qxf3 31. Rxf3 d4 32. Rd3 Bf5 33. Rd2 Kf8 34. g4 Be4 35. Rb4 1-0

[Event "Winnipeg TNT Aug op"]
[Site "Winnipeg CAN"]
[Date "2005.08.09"]
[Round "2"]
[White "Boron, Anthony"]
[Black "Cheyne, Andrew"]
[Result "1-0"]
[WhiteElo "1981"]
[BlackElo "1406"]
[PlyCount "75"]
[GameId "2160767910900734"]
[EventDate "2005.08.02"]
[EventType "swiss"]
[EventRounds "4"]
[EventCountry "CAN"]
[SourceTitle "EXT 2007"]
[Source "ChessBase"]
[SourceDate "2006.11.23"]
[SourceVersion "1"]
[SourceVersionDate "2006.11.23"]
[SourceQuality "1"]

1. e4 e5 2. Nf3 Nc6 3. Bb5 a6 4. Bxc6 dxc6 5. O-O f6 6. d4 Bg4 7. dxe5 Qxd1 8. Rxd1 Bxf3 9. gxf3 fxe5 10. Be3 Bd6 11. Nd2 O-O-O 12. Nf1 Nf6 13. Ng3 g6 14. Rd3 Be7 15. Rad1 Rxd3 16. Rxd3 Rd8 17. Rxd8+ Kxd8 18. f4 Ng4 19. f5 Nxe3 20. fxe3 b5 21. Kf2 Kd7 22. Kf3 Kd6 23. Nh1 c5 24. Nf2 gxf5 25. exf5 h5 26. Ke4 c4 27. Nh1 Bh4 28. Ng3 Bxg3 29. hxg3 a5 30. c3 c6 31. a3 a4 32. f6 Ke6 33. f7 Kxf7 34. Kxe5 Ke7 35. e4 Kd7 36. Kf6 c5 37. e5 Ke8 38. Ke6 1-0

[Event "Winnipeg TNT Aug op"]
[Site "Winnipeg CAN"]
[Date "2005.08.09"]
[Round "2"]
[White "De Groot, Steven"]
[Black "Gibson, Fred"]
[Result "1-0"]
[WhiteElo "1617"]
[BlackElo "1195"]
[PlyCount "51"]
[GameId "2160767910900735"]
[EventDate "2005.08.02"]
[EventType "swiss"]
[EventRounds "4"]
[EventCountry "CAN"]
[SourceTitle "EXT 2007"]
[Source "ChessBase"]
[SourceDate "2006.11.23"]
[SourceVersion "1"]
[SourceVersionDate "2006.11.23"]
[SourceQuality "1"]

1. e4 c5 2. Nf3 d6 3. d4 cxd4 4. Nxd4 Nf6 5. Nc3 g6 6. Be3 Bg7 7. f3 Nc6 8. Qd2 Nxd4 9. Bxd4 O-O 10. O-O-O Be6 11. g4 Qa5 12. h4 Rfc8 13. a3 d5 14. e5 Ne8 15. h5 Nc7 16. hxg6 fxg6 17. Qh2 Kf7 18. Qf4+ Kg8 19. Bd3 Bf7 20. Qh2 Ne6 21. Qxh7+ Kf8 22. Bxg6 Ng5 23. Qh5 Bxg6 24. Qxg6 Nf7 25. e6 Rc6 26. Qxf7# 1-0

[Event "Winnipeg TNT Aug op"]
[Site "Winnipeg CAN"]
[Date "2005.08.09"]
[Round "2"]
[White "Khedkar, Jay S"]
[Black "Zhou, Lu"]
[Result "0-1"]
[WhiteElo "1880"]
[BlackElo "1757"]
[PlyCount "71"]
[GameId "2160767910900736"]
[EventDate "2005.08.02"]
[EventType "swiss"]
[EventRounds "4"]
[EventCountry "CAN"]
[SourceTitle "EXT 2007"]
[Source "ChessBase"]
[SourceDate "2006.11.23"]
[SourceVersion "1"]
[SourceVersionDate "2006.11.23"]
[SourceQuality "1"]

1. d4 d5 2. Nf3 Nf6 3. c4 e6 4. Bg5 Be7 5. e3 Nbd7 6. Nc3 c6 7. cxd5 exd5 8. Bd3 O-O 9. Qc2 h6 10. h4 Re8 11. O-O-O b5 12. Bf4 Bf8 13. Bf5 Nb6 14. Ne5 Bxf5 15. Qxf5 Qc8 16. Qd3 Bd6 17. f3 Nc4 18. g4 Nxe5 19. dxe5 Bxe5 20. Bxe5 Rxe5 21. f4 Re7 22. g5 Ng4 23. gxh6 Nxh6 24. Rhg1 Qe6 25. Rde1 b4 26. Na4 Qe4 27. Kd2 Qxd3+ 28. Kxd3 f6 29. Nc5 a5 30. e4 dxe4+ 31. Rxe4 Rae8 32. Rge1 Rd8+ 33. Kc2 Rxe4 34. Rxe4 Nf5 35. Nb3 Rd5 36. Re6 0-1

[Event "Winnipeg TNT Aug op"]
[Site "Winnipeg CAN"]
[Date "2005.08.09"]
[Round "2"]
[White "Kohalmi, Andy"]
[Black "Evans, Rick"]
[Result "0-1"]
[WhiteElo "1605"]
[BlackElo "1864"]
[PlyCount "54"]
[GameId "2160767910900737"]
[EventDate "2005.08.02"]
[EventType "swiss"]
[EventRounds "4"]
[EventCountry "CAN"]
[SourceTitle "EXT 2007"]
[Source "ChessBase"]
[SourceDate "2006.11.23"]
[SourceVersion "1"]
[SourceVersionDate "2006.11.23"]
[SourceQuality "1"]

1. d4 d5 2. Nf3 Nf6 3. e3 Bf5 4. c4 e6 5. a3 c6 6. Nc3 Be7 7. Be2 O-O 8. O-O Nbd7 9. c5 Qc7 10. b4 Ne4 11. Nxe4 Bxe4 12. Bb2 Bxf3 13. Bxf3 f5 14. g4 Rf6 15. g5 Rg6 16. h4 Bxg5 17. hxg5 Rxg5+ 18. Bg2 Rf8 19. f4 Rg4 20. Rf3 Rf6 21. Rh3 Rfg6 22. Rh2 Nf6 23. Bc3 Rg3 24. Ra2 Ng4 25. Be1 Rxe3 26. Bf2 Qxf4 27. Bxe3 Qxh2+ 0-1

[Event "Winnipeg TNT Aug op"]
[Site "Winnipeg CAN"]
[Date "2005.08.09"]
[Round "2"]
[White "Lafreniere, Adrian"]
[Black "Schulz, Waldemar"]
[Result "0-1"]
[WhiteElo "1770"]
[BlackElo "2054"]
[PlyCount "109"]
[GameId "2160767910900738"]
[EventDate "2005.08.02"]
[EventType "swiss"]
[EventRounds "4"]
[EventCountry "CAN"]
[SourceTitle "EXT 2007"]
[Source "ChessBase"]
[SourceDate "2006.11.23"]
[SourceVersion "1"]
[SourceVersionDate "2006.11.23"]
[SourceQuality "1"]

1. e4 c5 2. d3 Nc6 3. g3 g6 4. Bg2 Bg7 5. Ne2 e6 6. Nbc3 Nge7 7. Be3 Nd4 8. Qd2 O-O 9. O-O Nec6 10. Nd1 Nxe2+ 11. Qxe2 d6 12. c3 Qc7 13. f4 Re8 14. Qd2 Qa5 15. Nf2 Bd7 16. a3 Ne7 17. d4 Bb5 18. Rfe1 Rad8 19. b4 Qa6 20. Bf1 Bxf1 21. Rxf1 f5 22. Rfd1 c4 23. Qe2 d5 24. e5 b5 25. Kg2 Nc8 26. h4 h5 27. Rdc1 Nb6 28. Nd1 Qb7 29. Nb2 Ra8 30. Qc2 Bf8 31. Bf2 a5 32. Be1 axb4 33. axb4 Ra6 34. Kh3 Rea8 35. Qd1 Qa7 36. Rxa6 Qxa6 37. Qc2 Qa2 38. Qb1 Qb3 39. Nd1 Qxb1 40. Rxb1 Ra2 41. Nb2 Kf7 42. Nd1 Na4 43. Rc1 Re2 44. Bf2 Ke8 45. Kg2 Kd7 46. Kf1 Ra2 47. Be1 Kc6 48. Ne3 Ra3 49. Ke2 Be7 50. Rc2 Kb6 51. Nd1 Ra1 52. Kd2 Nxc3 53. Nxc3 Bxb4 54. Ke2 Ba5 55. Rb2 0-1

[Event "Winnipeg TNT Aug op"]
[Site "Winnipeg CAN"]
[Date "2005.08.09"]
[Round "2"]
[White "Prince, Colin"]
[Black "Essery, Richard"]
[Result "1-0"]
[WhiteElo "1776"]
[BlackElo "1710"]
[PlyCount "81"]
[GameId "2160767910900739"]
[EventDate "2005.08.02"]
[EventType "swiss"]
[EventRounds "4"]
[EventCountry "CAN"]
[SourceTitle "EXT 2007"]
[Source "ChessBase"]
[SourceDate "2006.11.23"]
[SourceVersion "1"]
[SourceVersionDate "2006.11.23"]
[SourceQuality "1"]

1. e4 c5 2. Nf3 d5 3. exd5 Nf6 4. Bb5+ Bd7 5. Bxd7+ Qxd7 6. c4 Qg4 7. Qa4+ Nbd7 8. O-O Nxd5 9. Ne5 N5b6 10. Nxg4 Nxa4 11. b3 Nab6 12. Bb2 h5 13. Ne3 e6 14. Nc3 O-O-O 15. Ne4 f6 16. f4 Be7 17. a4 Nf8 18. a5 Nbd7 19. f5 Nb8 20. fxe6 Nxe6 21. Nd5 Nc6 22. Rae1 Ned4 23. Nxe7+ Nxe7 24. Nxc5 Nec6 25. Bc3 b6 26. axb6 axb6 27. Na4 Nxb3 28. Nxb6+ Kb7 29. Nd5 Nc5 30. Rb1+ Kc8 31. Rb6 Rd6 32. Bb4 Na4 33. Bxd6 Nxb6 34. Nxb6+ Kb7 35. Rb1 Nd4 36. Nd5+ Kc6 37. Rb6+ Kd7 38. Bc5 Ne2+ 39. Kf2 Re8 40. Rb7+ Kc6 41. Rc7# 1-0